000
00310nam a22001337a 4500
020
_a
0-7097-1575-7
082
_a
001
_b
SPU/B
100
_a
SPURGEON, MAUREEN
245
_a
THE BIG BOOK OF RECORDS
260
_a
ENGLAND
_b
BROWN WATSON
_c
2003
300
_a
185
650
_a
GENERAL KNOWLEDGE
_z
ENGLAND
942
_c
BK
999
_c
1887
_d
1887